神岡鉄道 神岡線の駅 - Statistics

General Stats
  • This quiz has been taken 6 times
  • The average score is 6 of 8
Answer Stats
所在地 駅名 % Correct
富山県富山市 猪谷
100%
飛騨神岡
100%
神岡鉱山前
75%
奥飛騨温泉口
75%
岐阜県飛騨市 飛騨中山
50%
茂住
50%
漆山
50%
神岡大橋
50%
No matching quizzes found
Score Distribution
Percent of People with Each Score
Percentile by Number Answered
Your Score History
You have not taken this quiz